Kvalitná interná komunikácia je základným prvkom funkčnosti a životaschopnosti organizácie
Úloha, súčinnosť a obsah externej a internej firemnej komunikácie. Funkcie internej komunikácie. Kritériá jej hodnotenia. Typológia internej komunikácie - optimálna, deficitná, redundantná a reziduálna. Faktory negatívne ovplyvňujúce kvalitu internej komunikácie. Interná komunikácia ako vizitka podn...
Salvato in:
| Natura: | Capitolo di libro |
|---|---|
| Lingua: | slovacco |
| Soggetti: | |
| Tags: |
Nessun Tag, puoi essere il primo ad aggiungerne!!
|
MARC
| LEADER | 00000naa a2200000 4500 | ||
|---|---|---|---|
| 001 | r035679 | ||
| 005 | 20230824101807.5 | ||
| 041 | 0 | |a slo | |
| 044 | |a SK | ||
| 245 | 1 | 0 | |a Kvalitná interná komunikácia je základným prvkom funkčnosti a životaschopnosti organizácie |
| 520 | |a Úloha, súčinnosť a obsah externej a internej firemnej komunikácie. Funkcie internej komunikácie. Kritériá jej hodnotenia. Typológia internej komunikácie - optimálna, deficitná, redundantná a reziduálna. Faktory negatívne ovplyvňujúce kvalitu internej komunikácie. Interná komunikácia ako vizitka podnikovej identity. | ||
| 610 | 2 | 0 | |a komunikácia firemná |
| 610 | 2 | 0 | |a komunikácia externá |
| 610 | 2 | 0 | |a komunikácia interná |
| 610 | 2 | 0 | |a informácie vnútropodnikové |
| 610 | 2 | 0 | |a riadenie vnútropodnikové |
| 610 | 2 | 0 | |a komunikácia manažérska |
| 610 | 2 | 0 | |a identita podniková |